[Event "Victoria-ch op"]
[Site "Box Hill"]
[Date "2004.06.13"]
[Round "5"]
[White "Burak, Mehmed"]
[Black "Kostrzewa, Jake"]
[Result "1-0"]
[WhiteElo "1656"]
[BlackElo "1150"]
[PlyCount "69"]
[EventDate "2004.06.12"]
[EventType "swiss"]
[EventRounds "7"]
[EventCountry "AUS"]
[SourceTitle "EXT 2018"]
[Source "ChessBase"]
[SourceDate "2017.10.13"]
[SourceVersion "1"]
[SourceVersionDate "2017.10.13"]
[SourceQuality "1"]

1. Nf3 Nf6 2. c4 e6 3. Nc3 Bb4 4. Qc2 Bxc3 5. Qxc3 0-0 6. b3 d6 7. Bb2 Nbd7 8. e3 b6 9. g4 e5 10. Rg1 Ne4 11. Qc2 Bb7 12. h4 Qf6 13. Be2 Nec5 14. Rg3 Qg6 15. d3 e4 16. h5 Nxd3+ 17. Bxd3 exd3 18. hxg6 dxc2 19. gxh7+ Kxh7 20. Kd2 f6 21. Rh1+ Kg8 22. Rh2 Ne5 23. Nh4 g5 24. Bxe5 dxe5 25. Nf5 Rad8+ 26. Kxc2 Be4+ 27. Kc3 Rd3+ 28. Kb4 Bxf5 29. gxf5 Kf7 30. Rgh3 Ke8 31. Rh7 Rd7 32. Kb5 Rdf7 33. Kc6 Rg8 34. Rxf7 Kxf7 35. Rh7+ 1-0